Home landscaping. (Landscape design and planting for the small home.)

Saved in:
Bibliographic Details
Corporate Author: Massachusetts. Department of Education.
Format: Book
Language:English
Published: The Dept. [1933]
Subjects:
Tags: Add Tag
No Tags, Be the first to tag this record!
LEADER 00599nam a2200193K 4500
001 000000265-8
005 20020606090541.3
008 930717s1933 xx s000 0 eng d
035 0 |a ocm82928963 
040 |a FLL  |c FLL 
110 1 |a Massachusetts.  |b Department of Education. 
245 1 0 |a Home landscaping.  |b (Landscape design and planting for the small home.) 
260 |b The Dept.  |c [1933] 
300 |a 1 p. 
500 |a University extension course. 
650 0 |a Landscape gardening  |x Outlines, syllabi, etc. 
690 9 |a Landscape architecture  |x Study and teaching.  |5 des 
988 |a 20020608 
906 |0 MH